Statistics for Zürich - Amsterdam by sleeper train

Click here to take the quiz!

General Stats

  • This quiz has been taken 37 times
  • The average score is 5 of 6

Answer Stats

CountryState/RegionCity populationStop% Correct
NetherlandsNorth Holland1,114,745Amsterdam Centraal
97%
SwitzerlandBasel-City173,552Basel
97%
GermanyNorth Rhine-Westphalia1,073,096Köln
97%
SwitzerlandZurich427,721Zürich HB
97%
NetherlandsUtrecht382,520Utrecht
94%
GermanyNorth Rhine-Westphalia331,885Bonn
60%

Score Distribution

Percentile by Number Answered

Percent of People with Each Score

Your Score History

You have not taken this quiz